[Event "Montreal CC ch"]
[Site "Montreal CAN"]
[Date "2004.01.23"]
[Round "1"]
[White "Libersan, Thierry"]
[Black "Schleifer, Michael"]
[Result "1-0"]
[WhiteElo "1925"]
[BlackElo "2345"]
[PlyCount "69"]
[GameId "2160767911192243"]
[EventDate "2004.01.23"]
[EventType "swiss"]
[EventRounds "5"]
[EventCountry "CAN"]

1. e4 c5 2. Nf3 e6 3. d4 cxd4 4. Nxd4 a6 5. Bd3 Nc6 6. Nxc6 dxc6 7. O-O e5 8. Qh5 Bd6 9. Bg5 Ne7 10. Nd2 b5 11. f4 O-O 12. f5 Bc5+ 13. Kh1 f6 14. Bh4 Bd4 15. Nf3 Bxb2 16. Rad1 Qe8 17. Qg4 Qf7 18. Bf2 Qxa2 19. Qh4 Qf7 20. g4 g5 21. Qg3 a5 22. h4 h6 23. hxg5 hxg5 24. Kg2 Qg7 25. c3 a4 26. Bb1 Kf7 27. Ba2+ Ke8 28. Nxe5 fxe5 29. Qd3 Nd5 30. exd5 cxd5 31. Qxb5+ Qd7 32. Qxb2 Bb7 33. Kg1 Rh8 34. Qe2 Qd6 35. Bd4 1-0

[Event "Montreal CC ch"]
[Site "Montreal CAN"]
[Date "2004.01.23"]
[Round "1"]
[White "Thomas, William"]
[Black "Masse, Hugues"]
[Result "0-1"]
[WhiteElo "1900"]
[BlackElo "2235"]
[PlyCount "63"]
[GameId "2160767911192247"]
[EventDate "2004.01.23"]
[EventType "swiss"]
[EventRounds "5"]
[EventCountry "CAN"]
[SourceTitle "EXT 2005"]
[Source "ChessBase"]
[SourceDate "2004.11.15"]
[SourceVersion "1"]
[SourceVersionDate "2004.11.15"]
[SourceQuality "1"]

1. d4 Nf6 2. c3 d5 3. Nf3 Bf5 4. e3 e6 5. Bb5+ c6 6. Ba4 Be7 7. Nbd2 O-O 8. O-O c5 9. Qe2 a6 10. Ng5 h6 11. Nh3 b5 12. Bd1 Nc6 13. f4 cxd4 14. exd4 b4 15. Nf2 Qc7 16. Nf3 bxc3 17. bxc3 Na5 18. Bc2 Bxc2 19. Qxc2 Rfc8 20. Ne5 Nc4 21. g4 Nd7 22. Nxf7 Kxf7 23. g5 Nd6 24. Ng4 Nf5 25. gxh6 Qxc3 26. Qa4 Qxd4+ 27. Qxd4 Nxd4 28. Bb2 Nf5 29. Rae1 gxh6 30. Kf2 Bh4+ 31. Kf3 Bxe1 32. Rxe1 0-1

[Event "Montreal CC ch"]
[Site "Montreal CAN"]
[Date "2004.01.24"]
[Round "2"]
[White "Arsenault, Nicolas"]
[Black "Thomas, William"]
[Result "0-1"]
[WhiteElo "2076"]
[BlackElo "1900"]
[PlyCount "100"]
[GameId "2160767911192248"]
[EventDate "2004.01.23"]
[EventType "swiss"]
[EventRounds "5"]
[EventCountry "CAN"]
[SourceTitle "EXT 2005"]
[Source "ChessBase"]
[SourceDate "2004.11.15"]
[SourceVersion "1"]
[SourceVersionDate "2004.11.15"]
[SourceQuality "1"]

1. e4 Nf6 2. e5 Nd5 3. d4 d6 4. Nf3 g6 5. Bc4 Nb6 6. Bb3 Bg7 7. Qe2 Nc6 8. O-O O-O 9. h3 Bf5 10. Nc3 Na5 11. Be3 Nxb3 12. axb3 Qd7 13. Rad1 c6 14. Nh2 Nd5 15. Bc1 Rad8 16. g4 Be6 17. f4 f5 18. g5 b5 19. Nxd5 Bxd5 20. c4 Bf7 21. Nf3 Qb7 22. e6 Be8 23. c5 b4 24. Rfe1 Qb5 25. Qc2 a5 26. Be3 Rb8 27. Ra1 Qa6 28. Bf2 Rb5 29. Kg2 Qc8 30. Kg3 Qc7 31. Ra4 h6 32. h4 Kh7 33. Nd2 Qd8 34. Nf3 Rh8 35. Raa1 Qc7 36. Rad1 Rb8 37. Nd2 hxg5 38. hxg5 Kg8 39. Rh1 dxc5 40. Rxh8+ Bxh8 41. Qxc5 Rb5 42. Qc4 Rd5 43. Re1 Qd8 44. Nf3 c5 45. dxc5 Bc6 46. Ne5 Bxe5 47. Rxe5 Rxe5 48. fxe5 Qd1 49. Qf4 Qxb3+ 50. Qe3 Qd5 0-1

[Event "Montreal CC ch"]
[Site "Montreal CAN"]
[Date "2004.01.24"]
[Round "2"]
[White "Cloutier, Mathieu"]
[Black "Dupuis, Stephane"]
[Result "1/2-1/2"]
[WhiteElo "1892"]
[BlackElo "2173"]
[PlyCount "47"]
[GameId "2160767911192249"]
[EventDate "2004.01.23"]
[EventType "swiss"]
[EventRounds "5"]
[EventCountry "CAN"]

1. e4 e5 2. Nf3 Nc6 3. Bb5 Nf6 4. O-O Nxe4 5. d4 Nd6 6. Bxc6 dxc6 7. dxe5 Nf5 8. Qxd8+ Kxd8 9. Rd1+ Ke8 10. Nc3 a5 11. Bf4 h6 12. e6 Bxe6 13. Bxc7 Bb4 14. Na4 Be7 15. Nb6 Ra6 16. Rd2 h5 17. Rad1 Rh6 18. Nd7 Bd5 19. Nde5 f6 20. c4 Be6 21. Nd7 Bxc4 22. Re1 Kf7 23. Nfe5+ fxe5 24. Nxe5+ 1/2-1/2

[Event "Montreal CC ch"]
[Site "Montreal CAN"]
[Date "2004.01.24"]
[Round "2"]
[White "Gravel, Simon M"]
[Black "Benoit-Deschamps, Jean-Marc"]
[Result "1/2-1/2"]
[WhiteElo "2226"]
[BlackElo "1803"]
[PlyCount "57"]
[GameId "2160767911192251"]
[EventDate "2004.01.23"]
[EventType "swiss"]
[EventRounds "5"]
[EventCountry "CAN"]

1. e4 c5 2. Nf3 d6 3. Nc3 Nf6 4. g3 Nc6 5. Bg2 g6 6. O-O Bg7 7. d3 O-O 8. h3 Rb8 9. a4 a6 10. Be3 b5 11. axb5 axb5 12. e5 Nd7 13. exd6 exd6 14. Bg5 f6 15. Be3 f5 16. Ng5 Nd4 17. Bd5+ Kh8 18. Nf7+ Rxf7 19. Bxf7 b4 20. Nb1 Bb7 21. Nd2 Ne5 22. Bxd4 cxd4 23. Bb3 Qg5 24. Ra7 Bc6 25. Ba4 Qxd2 26. Qxd2 Nf3+ 27. Kg2 Nh4+ 28. Kh2 Nf3+ 29. Kg2 1/2-1/2

[Event "Montreal CC ch"]
[Site "Montreal CAN"]
[Date "2004.01.24"]
[Round "2"]
[White "Libersan, Thierry"]
[Black "Bolduc, Steve"]
[Result "0-1"]
[WhiteElo "1925"]
[BlackElo "2336"]
[PlyCount "86"]
[GameId "2160767911200447"]
[EventDate "2004.01.23"]
[EventType "swiss"]
[EventRounds "5"]
[EventCountry "CAN"]

1. e4 c5 2. Nf3 Nc6 3. d4 cxd4 4. Nxd4 g6 5. c4 Bg7 6. Be3 Nf6 7. Nc3 Ng4 8. Qxg4 Nxd4 9. Qd1 Ne6 10. Be2 Qa5 11. O-O Bxc3 12. bxc3 Qxc3 13. Qd5 f6 14. c5 h5 15. Rac1 Qe5 16. Bd3 Qxd5 17. exd5 Nf8 18. Rfe1 e6 19. dxe6 dxe6 20. Be4 Rb8 21. Rb1 Rh7 22. c6 b6 23. Bc5 Ba6 24. Bxf8 Kxf8 25. Bxg6 Rg7 26. Bxh5 Bc4 27. Bf3 Bxa2 28. Rbc1 b5 29. Red1 Bc4 30. Rd2 a5 31. Rcd1 Rc7 32. Rd4 a4 33. Rh4 Rbc8 34. Rh8+ Kg7 35. Rxc8 Rxc8 36. Rd7+ Kg6 37. h4 a3 38. Ra7 a2 39. g4 b4 40. Kg2 b3 41. Kg3 Bd5 42. Bxd5 exd5 43. f4 f5 0-1

[Event "Montreal CC ch"]
[Site "Montreal CAN"]
[Date "2004.01.24"]
[Round "2"]
[White "Masse, Hugues"]
[Black "Camy, Garry"]
[Result "1-0"]
[WhiteElo "2235"]
[BlackElo "1323"]
[PlyCount "132"]
[GameId "2160767911200448"]
[EventDate "2004.01.23"]
[EventType "swiss"]
[EventRounds "5"]
[EventCountry "CAN"]

1. d4 f5 2. g3 Nf6 3. Bg2 e6 4. Nf3 Be7 5. O-O O-O 6. c4 c6 7. b3 d6 8. Bb2 Ne4 9. Ne1 Nd7 10. Nd3 g5 11. f3 Nef6 12. e4 Qe8 13. Qe2 Qf7 14. Nd2 Ne8 15. f4 Ng7 16. Rae1 Bf6 17. fxg5 Bxg5 18. exf5 exf5 19. Nf3 Bh6 20. Bc1 Bxc1 21. Rxc1 Re8 22. Qd2 Nf6 23. Ng5 Qc7 24. Rce1 Bd7 25. Qc3 h6 26. d5 Ng4 27. Ne6 Nxe6 28. dxe6 Rxe6 29. Rxe6 Bxe6 30. Re1 Qf7 31. Qd4 Rd8 32. Qxa7 Bc8 33. Qd4 Nf6 34. Nf4 Kh7 35. a4 c5 36. Qc3 Ng4 37. Bd5 Qf8 38. Qf3 Ne5 39. Qh5 Qf6 40. Kh1 Rf8 41. Qe2 Re8 42. Qd2 Qg5 43. Bg2 Re6 44. Qd1 Rf6 45. Qh5 Rf8 46. Rd1 Rd8 47. Qe2 Qg4 48. Qxg4 Nxg4 49. Re1 Ne5 50. Kg1 Kg7 51. h3 Kf6 52. Kf2 Rg8 53. Rd1 Rd8 54. Nd5+ Kf7 55. Bf1 Bd7 56. Nf4 Bc6 57. Be2 Kf6 58. Nh5+ Kf7 59. Nf4 Kf6 60. Rd2 Be4 61. Nh5+ Kf7 62. Nf4 Kf6 63. Bd1 Nc6 64. Ne2 Ne5 65. Nf4 Nc6 66. Ke3 Ne5 1-0

[Event "Montreal CC ch"]
[Site "Montreal CAN"]
[Date "2004.01.24"]
[Round "2"]
[White "Sullivan, Neil"]
[Black "Lawson, Eric"]
[Result "1-0"]
[WhiteElo "2092"]
[BlackElo "2266"]
[PlyCount "89"]
[GameId "2160767911200449"]
[EventDate "2004.01.23"]
[EventType "swiss"]
[EventRounds "5"]
[EventCountry "CAN"]
[SourceTitle "EXT 2005"]
[Source "ChessBase"]
[SourceDate "2004.11.15"]
[SourceVersion "1"]
[SourceVersionDate "2004.11.15"]
[SourceQuality "1"]

1. e4 c5 2. Nc3 Nc6 3. g3 g6 4. Bg2 Bg7 5. d3 d6 6. Be3 e6 7. Qd2 h6 8. Nge2 Nd4 9. O-O Ne7 10. Nd1 Rb8 11. Re1 e5 12. c3 Bg4 13. cxd4 cxd4 14. f3 dxe3 15. Nxe3 Be6 16. d4 O-O 17. f4 exd4 18. Nxd4 Bd7 19. Rad1 Qb6 20. b3 Rfd8 21. Kh1 Qc5 22. b4 Qc7 23. f5 Ba4 24. fxg6 Bxd4 25. gxf7+ Kxf7 26. Qxd4 Bxd1 27. Rxd1 Rg8 28. Rf1+ Ke8 29. Qf6 Qd7 30. Qf7+ Kd8 31. Nd5 Qe8 32. Qf6 Rg6 33. Qh4 Re6 34. Bh3 Re5 35. Qf6 Rxd5 36. exd5 Qg6 37. Qf8+ Qe8 38. Qxh6 Qg6 39. Qf8+ Qe8 40. Qg7 Kc7 41. Rf7 Kb6 42. Rxe7 Qa4 43. Qd4+ Ka6 44. Bf1+ b5 45. Rxa7# 1-0

[Event "Montreal CC ch"]
[Site "Montreal CAN"]
[Date "2004.01.24"]
[Round "3"]
[White "Charbonneau, Anne-Marie"]
[Black "Schleifer, Michael"]
[Result "0-1"]
[WhiteElo "2048"]
[BlackElo "2340"]
[PlyCount "53"]
[GameId "2160767911200451"]
[EventDate "2004.01.23"]
[EventType "swiss"]
[EventRounds "5"]
[EventCountry "CAN"]
[SourceTitle "EXT 2005"]
[Source "ChessBase"]
[SourceDate "2004.11.15"]
[SourceVersion "1"]
[SourceVersionDate "2004.11.15"]
[SourceQuality "1"]

1. d4 Nf6 2. c4 g6 3. Nc3 Bg7 4. e4 O-O 5. Be2 d6 6. Bg5 Nc6 7. d5 Nb4 8. Qd2 e6 9. Nf3 exd5 10. exd5 h6 11. Be3 Kh7 12. a3 Na6 13. O-O Nc5 14. Rac1 Re8 15. h3 Nce4 16. Nxe4 Nxe4 17. Qc2 Nc5 18. Nd4 a5 19. b3 Bd7 20. g3 f5 21. Nf3 a4 22. b4 Nb3 23. Rcd1 Qf6 24. Nd4 f4 25. Nxb3 axb3 26. Qxb3 fxe3 27. fxe3 0-1

[Event "Montreal CC ch"]
[Site "Montreal CAN"]
[Date "2004.01.24"]
[Round "3"]
[White "Dupuis, Stephane"]
[Black "Libersan, Thierry"]
[Result "0-1"]
[WhiteElo "2173"]
[BlackElo "1925"]
[PlyCount "86"]
[GameId "2160767911200452"]
[EventDate "2004.01.23"]
[EventType "swiss"]
[EventRounds "5"]
[EventCountry "CAN"]

1. e4 c5 2. c3 d5 3. exd5 Qxd5 4. d4 Nf6 5. Nf3 e6 6. Be3 cxd4 7. cxd4 a6 8. Nc3 Qd6 9. Ne5 Nbd7 10. f4 b5 11. Qf3 Nb6 12. Bd3 Nbd5 13. O-O g6 14. f5 gxf5 15. Rae1 Be7 16. Kh1 Rb8 17. Bh6 Rg8 18. Re2 Bb7 19. Nxb5 Qb6 20. Nc4 Qd8 21. Nba3 Nc3 22. Qxb7 Rxb7 23. bxc3 Bxa3 24. Nxa3 Ng4 25. Bf4 Kf8 26. Nc4 Rd7 27. h3 Nf6 28. Bh6+ Ke8 29. Bxf5 Nh5 30. Rf3 Ng3+ 31. Rxg3 Rxg3 32. Bd2 Qf6 33. Re5 Qxf5 34. Rxf5 exf5 35. Kg1 f6 36. Be1 Rg8 37. Kf1 f4 38. Nb6 Rb7 39. Nd5 Kf7 40. Nb4 a5 41. Nd3 Re8 42. Bd2 Rb1+ 43. Kf2 Rd1 0-1

[Event "Montreal CC ch"]
[Site "Montreal CAN"]
[Date "2004.01.24"]
[Round "3"]
[White "Gauthier, Denis"]
[Black "Gravel, Simon M"]
[Result "0-1"]
[WhiteElo "2032"]
[BlackElo "2226"]
[PlyCount "54"]
[GameId "2160767911200453"]
[EventDate "2004.01.23"]
[EventType "swiss"]
[EventRounds "5"]
[EventCountry "CAN"]

1. d4 Nf6 2. c4 g6 3. Nc3 d5 4. Bf4 c5 5. Nf3 cxd4 6. Nxd4 Bg7 7. e3 O-O 8. Be2 dxc4 9. Bxc4 Qa5 10. Qa4 Qxa4 11. Nxa4 Nbd7 12. Nf3 a6 13. Nc3 b5 14. Be2 b4 15. Na4 Bb7 16. O-O Nd5 17. Bg3 Bc6 18. Bd1 Rac8 19. Nd4 Bb5 20. Re1 e5 21. Nf3 Rfd8 22. Bb3 Bxa4 23. Bxa4 Nc5 24. Bc2 e4 25. Ne5 Nd7 26. Nxd7 Rxc2 27. Ne5 f6 0-1

[Event "Montreal CC ch"]
[Site "Montreal CAN"]
[Date "2004.01.25"]
[Round "4"]
[White "Gravel, Simon M"]
[Black "Ramaswamy, Kishor"]
[Result "1-0"]
[WhiteElo "2256"]
[BlackElo "2078"]
[PlyCount "59"]
[GameId "2160767911200457"]
[EventDate "2004.01.23"]
[EventType "swiss"]
[EventRounds "5"]
[EventCountry "CAN"]
[SourceTitle "EXT 2005"]
[Source "ChessBase"]
[SourceDate "2004.11.15"]
[SourceVersion "1"]
[SourceVersionDate "2004.11.15"]
[SourceQuality "1"]

1. c4 c6 2. d4 d5 3. Nf3 Nf6 4. Qb3 Nbd7 5. cxd5 cxd5 6. Nc3 e6 7. Bf4 a6 8. e3 Be7 9. Bd3 Nh5 10. Be5 Nxe5 11. dxe5 g6 12. O-O-O O-O 13. h4 f5 14. exf6 Bxf6 15. Qc2 e5 16. Nxd5 Qxd5 17. Bc4 Qxc4 18. Qxc4+ Kh8 19. Kb1 Ng7 20. Ng5 h6 21. g4 Be7 22. Nf7+ Kh7 23. Nxe5 h5 24. f3 a5 25. Nd7 Rxf3 26. Qe4 Rf7 27. gxh5 Nxh5 28. Rhg1 Ra6 29. Rd5 Nf6 30. Qxg6+ 1-0

[Event "Montreal CC ch"]
[Site "Montreal CAN"]
[Date "2004.01.25"]
[Round "4"]
[White "Kayembe, Doris"]
[Black "Basque, Roland"]
[Result "0-1"]
[WhiteElo "1873"]
[BlackElo "2148"]
[PlyCount "46"]
[GameId "2160767911200459"]
[EventDate "2004.01.23"]
[EventType "swiss"]
[EventRounds "5"]
[EventCountry "CAN"]

1. e4 e5 2. Nf3 Nc6 3. Bb5 a6 4. Ba4 Nf6 5. O-O Be7 6. Re1 b5 7. Bb3 O-O 8. a4 b4 9. Bd5 Nxd5 10. exd5 Nd4 11. Nxe5 d6 12. Nd3 b3 13. Nb4 Rb8 14. Nc6 bxc2 15. Qh5 cxb1=Q 16. Rxb1 Nxc6 17. dxc6 g6 18. Qe2 Bf5 19. d3 Bg5 20. f4 Bf6 21. g4 Bd4+ 22. Kf1 Qh4 23. gxf5 Rbe8 0-1

[Event "Montreal CC ch"]
[Site "Montreal CAN"]
[Date "2004.01.25"]
[Round "4"]
[White "Lawson, Eric"]
[Black "Larochelle, Martial"]
[Result "1-0"]
[WhiteElo "2352"]
[BlackElo "2190"]
[PlyCount "57"]
[GameId "2160767911200460"]
[EventDate "2004.01.23"]
[EventType "swiss"]
[EventRounds "5"]
[EventCountry "CAN"]

1. d4 d5 2. Bg5 h6 3. Bh4 c6 4. Nf3 Bf5 5. e3 Nd7 6. c4 Ngf6 7. Nc3 e6 8. Bg3 Be7 9. c5 O-O 10. Be2 Re8 11. b4 Ne4 12. Nxe4 Bxe4 13. O-O Bf6 14. b5 e5 15. bxc6 bxc6 16. Qa4 Bxf3 17. Bxf3 exd4 18. exd4 Nxc5 19. dxc5 Bxa1 20. Rxa1 Qf6 21. Rf1 Re6 22. Bd6 Rae8 23. h3 Qc3 24. Qxc6 d4 25. Bd5 Re1 26. Rxe1 Rxe1+ 27. Kh2 Qc2 28. Qc8+ Kh7 29. Bxf7 1-0

[Event "Montreal CC ch"]
[Site "Montreal CAN"]
[Date "2004.01.25"]
[Round "4"]
[White "Libersan, Thierry"]
[Black "Prahov, Valentin"]
[Result "0-1"]
[WhiteElo "1925"]
[BlackElo "2222"]
[PlyCount "62"]
[GameId "2160767911200462"]
[EventDate "2004.01.23"]
[EventType "swiss"]
[EventRounds "5"]
[EventCountry "CAN"]
[SourceTitle "EXT 2005"]
[Source "ChessBase"]
[SourceDate "2004.11.15"]
[SourceVersion "1"]
[SourceVersionDate "2004.11.15"]
[SourceQuality "1"]

1. e4 c5 2. Nf3 e6 3. d4 cxd4 4. Nxd4 Nf6 5. Nc3 Nc6 6. Nxc6 bxc6 7. e5 Nd5 8. Ne4 f5 9. Ng5 g6 10. h4 Bg7 11. h5 Bxe5 12. hxg6 hxg6 13. Rxh8+ Bxh8 14. Qf3 Bf6 15. Nh7 Qe7 16. Nxf6+ Qxf6 17. a3 Qe5+ 18. Kd1 a5 19. c4 Qd4+ 20. Ke1 Nf6 21. Be2 Ne4 22. Rb1 Ba6 23. Be3 Qh8 24. Bd3 d5 25. g3 Rb8 26. Kf1 Rxb2 27. Rxb2 Qxb2 28. Bxe4 Bxc4+ 29. Kg2 dxe4 30. Qf4 Be2 31. Qd6 Bf3+ 0-1

[Event "Montreal CC ch"]
[Site "Montreal CAN"]
[Date "2004.01.25"]
[Round "5"]
[White "Bolduc, Steve"]
[Black "Lawson, Eric"]
[Result "1/2-1/2"]
[WhiteElo "2259"]
[BlackElo "2266"]
[PlyCount "74"]
[GameId "2160767911200464"]
[EventDate "2004.01.23"]
[EventType "swiss"]
[EventRounds "5"]
[EventCountry "CAN"]
[SourceTitle "EXT 2005"]
[Source "ChessBase"]
[SourceDate "2004.11.15"]
[SourceVersion "1"]
[SourceVersionDate "2004.11.15"]
[SourceQuality "1"]

1. d4 Nf6 2. c4 e6 3. Nc3 Bb4 4. e3 Ne4 5. Bd2 Bxc3 6. Bxc3 Nxc3 7. bxc3 c5 8. Bd3 Nc6 9. Nf3 d6 10. h3 O-O 11. O-O Qe7 12. Re1 Kh8 13. Nd2 b6 14. Be4 Bb7 15. Qf3 Na5 16. Bxb7 Qxb7 17. Qxb7 Nxb7 18. d5 Na5 19. e4 e5 20. f3 g6 21. Kf2 f5 22. Ke3 f4+ 23. Kd3 Kg7 24. Reb1 Kf6 25. Nb3 Nxb3 26. Rxb3 g5 27. a4 h5 28. a5 bxa5 29. Rb7 g4 30. Rxa5 gxh3 31. gxh3 Kg5 32. Ra6 Rfd8 33. Rg7+ Kh4 34. Rg6 Kxh3 35. Ra1 Kh2 36. Rag1 Kh3 37. Ra1 Kh2 1/2-1/2

[Event "Montreal CC ch"]
[Site "Montreal CAN"]
[Date "2004.01.25"]
[Round "5"]
[White "Charbonneau, Anne-Marie"]
[Black "Fang, Ming"]
[Result "1-0"]
[WhiteElo "2035"]
[BlackElo "1825"]
[PlyCount "59"]
[GameId "2160767911200465"]
[EventDate "2004.01.23"]
[EventType "swiss"]
[EventRounds "5"]
[EventCountry "CAN"]

1. d4 Nf6 2. c4 g6 3. Nc3 Bg7 4. e4 d6 5. Bd3 e5 6. Nge2 c6 7. O-O O-O 8. Bc2 Nbd7 9. Rb1 exd4 10. Nxd4 a6 11. Bg5 Qc7 12. Qd2 Re8 13. f3 h5 14. Kh1 b5 15. cxb5 axb5 16. Rbc1 b4 17. Nce2 Ba6 18. Rfd1 c5 19. Bb3 Qb7 20. Nc2 d5 21. Ng3 dxe4 22. fxe4 Nb6 23. Ne3 Nxe4 24. Nxe4 Qxe4 25. Rxc5 Rec8 26. Rxc8+ Rxc8 27. Qd6 Be2 28. Re1 Qe5 29. Qxe5 Bxe5 30. Rxe2 1-0

[Event "Montreal CC ch"]
[Site "Montreal CAN"]
[Date "2004.01.25"]
[Round "5"]
[White "Masse, Hugues"]
[Black "Sullivan, Neil"]
[Result "1/2-1/2"]
[WhiteElo "2134"]
[BlackElo "2092"]
[PlyCount "21"]
[GameId "2160767911200467"]
[EventDate "2004.01.23"]
[EventType "swiss"]
[EventRounds "5"]
[EventCountry "CAN"]
[SourceTitle "EXT 2005"]
[Source "ChessBase"]
[SourceDate "2004.11.15"]
[SourceVersion "1"]
[SourceVersionDate "2004.11.15"]
[SourceQuality "1"]

1. d4 d5 2. c4 e6 3. Nf3 Nf6 4. Nc3 Be7 5. Bg5 O-O 6. e3 b6 7. Be2 dxc4 8. Bxc4 Bb7 9. O-O Nbd7 10. Qe2 c5 11. Rfd1 1/2-1/2

[Event "Montreal CC ch"]
[Site "Montreal CAN"]
[Date "2004.01.25"]
[Round "5"]
[White "Prahov, Valentin"]
[Black "Schleifer, Michael"]
[Result "0-1"]
[WhiteElo "2219"]
[BlackElo "2340"]
[PlyCount "117"]
[GameId "2160767911200468"]
[EventDate "2004.01.23"]
[EventType "swiss"]
[EventRounds "5"]
[EventCountry "CAN"]
[SourceTitle "EXT 2005"]
[Source "ChessBase"]
[SourceDate "2004.11.15"]
[SourceVersion "1"]
[SourceVersionDate "2004.11.15"]
[SourceQuality "1"]

1. e4 g6 2. d4 Bg7 3. Nc3 d6 4. Be3 Nf6 5. Be2 O-O 6. Qd2 a6 7. Bh6 b5 8. f3 e5 9. Bxg7 Kxg7 10. dxe5 dxe5 11. Qxd8 Rxd8 12. Rd1 Rxd1+ 13. Bxd1 Be6 14. a3 c5 15. Nge2 Nc6 16. Kf2 Nd7 17. Nb1 b4 18. axb4 cxb4 19. c3 Nc5 20. Nc1 Rb8 21. Nd2 a5 22. cxb4 Rxb4 23. b3 Nd4 24. Re1 Nc6 25. Re3 Rd4 26. Ke1 Nb4 27. Rc3 Ncd3+ 28. Nxd3 Nxd3+ 29. Rxd3 Rxd3 30. Bc2 Rc3 31. Kd1 Kf8 32. Nb1 Rc7 33. Kd2 Ke7 34. Nc3 Rb7 35. Na4 Kd6 36. Kc3 Rc7+ 37. Kd2 Kc6 38. Nb2 Kc5 39. Nd3+ Kd4 40. Nc1 Bd7 41. Ne2+ Kc5 42. Nc3 Bc6 43. Na2 Rd7+ 44. Kc3 Rd4 45. Nc1 Bb5 46. Bd3 a4 47. bxa4 Rxa4 48. Nb3+ Kb6 49. Bb1 Bc4 50. Nd2 Kc5 51. Bc2 Ra3+ 52. Nb3+ Bxb3 53. Bxb3 Ra1 54. Bxf7 Rg1 55. Bg8 h6 56. g3 Rf1 57. Bh7 Rxf3+ 58. Kd2 g5 59. Ke2 0-1

[Event "Montreal CC ch U1400"]
[Site "Montreal CAN"]
[Date "2004.01.25"]
[Round "4"]
[White "Pilon, Denis"]
[Black "Larochelle, Louis"]
[Result "1-0"]
[WhiteElo "1246"]
[BlackElo "1331"]
[PlyCount "155"]
[GameId "2160767911200469"]
[EventDate "2004.01.23"]
[EventType "swiss"]
[EventRounds "5"]
[EventCountry "CAN"]

1. e4 d6 2. d4 Nf6 3. Nc3 g6 4. Nf3 Bg7 5. Be2 O-O 6. O-O a6 7. Bf4 Nh5 8. Be3 Nf6 9. h3 h6 10. Ne1 b6 11. f4 Bb7 12. Qd3 Nc6 13. d5 Nb4 14. Qc4 a5 15. a3 Na6 16. Bf3 Nc5 17. g4 Nfd7 18. Rf2 Ba6 19. Nb5 Bxb2 20. Ra2 Bg7 21. a4 Rc8 22. Qe2 Kh7 23. h4 Qe8 24. h5 gxh5 25. f5 hxg4 26. Bxg4 Nxe4 27. Rh2 Ndf6 28. Bf3 Nc3 29. Qd2 Nxa2 30. Bxh6 Rg8 31. Qg5 Nh5 32. Rxh5 Bd4+ 33. Nxd4 Rxg5+ 34. Bxg5+ Kg7 35. Bh6+ Kf6 36. Bg5+ Ke5 37. Rh4 Nc3 38. Bf4+ Kf6 39. Ng2 Ne2+ 40. Bxe2 Bxe2 41. Nxe2 Kxf5 42. Ng3+ Kf6 43. Ne4+ Kf5 44. Ng3+ Kg6 45. Rh6+ Kg7 46. Nf5+ Kg8 47. Rh4 Qxa4 48. Nxe7+ Kf8 49. Bh6+ Kxe7 50. Rxa4 Rg8 51. Kf2 Kd7 52. Re4 Re8 53. Rf4 Re7 54. Bg5 f6 55. Bxf6 Rf7 56. Kf3 c6 57. Kg4 cxd5 58. Kg5 Kc6 59. Kf5 b5 60. Ke6 Rd7 61. Rd4 a4 62. Rxd5 b4 63. Bd4 b3 64. cxb3 axb3 65. Ra5 Rb7 66. Ra1 Rb8 67. Ne3 Re8+ 68. Kf5 Kb5 69. Rb1 Ka4 70. Nd5 Re2 71. Nc3+ Kb4 72. Nxe2 Kc4 73. Ke4 d5+ 74. Ke5 Kd3 75. Rxb3+ Kxe2 76. Kxd5 Kd2 77. Ke4 Kc2 78. Rf3 1-0

[Event "Montreal Class-A"]
[Site "Montreal CAN"]
[Date "2004.11.12"]
[Round "1"]
[White "Auger, Bertrand"]
[Black "Bolduc, Steve"]
[Result "1/2-1/2"]
[WhiteElo "2023"]
[BlackElo "2266"]
[PlyCount "63"]
[GameId "2160767911052548"]
[EventDate "2004.11.12"]
[EventType "swiss"]
[EventRounds "5"]
[EventCountry "CAN"]
[SourceTitle "EXT 2006"]
[Source "ChessBase"]
[SourceDate "2005.11.24"]
[SourceVersion "1"]
[SourceVersionDate "2005.11.24"]
[SourceQuality "1"]

1. Nf3 Nf6 2. g3 d5 3. Bg2 c6 4. O-O Bg4 5. d3 Nbd7 6. c4 e6 7. Nbd2 Be7 8. b3 O-O 9. Bb2 b5 10. cxb5 cxb5 11. h3 Bh5 12. Nd4 Qb6 13. N2f3 Rac8 14. Qd2 Rfe8 15. b4 e5 16. Nb3 Bd6 17. Rac1 Bb8 18. Rc2 Rxc2 19. Qxc2 e4 20. Nfd4 Ne5 21. Rc1 exd3 22. exd3 Bg6 23. Nc5 Nc4 24. Ba1 a5 25. a3 h5 26. Qc3 axb4 27. Qxb4 Nd6 28. Bb2 h4 29. g4 Re7 30. Re1 Rc7 31. f4 Kh8 32. Bf3 1/2-1/2

[Event "Montreal Class-A"]
[Site "Montreal CAN"]
[Date "2004.11.12"]
[Round "1"]
[White "Boulay, David"]
[Black "Khassanov, Marat"]
[Result "0-1"]
[WhiteElo "2056"]
[BlackElo "2341"]
[PlyCount "96"]
[GameId "2160767911052549"]
[EventDate "2004.11.12"]
[EventType "swiss"]
[EventRounds "5"]
[EventCountry "CAN"]
[SourceTitle "EXT 2006"]
[Source "ChessBase"]
[SourceDate "2005.11.24"]
[SourceVersion "1"]
[SourceVersionDate "2005.11.24"]
[SourceQuality "1"]

1. e4 e5 2. Nf3 Nc6 3. Bb5 a6 4. Ba4 Nf6 5. Qe2 b5 6. Bb3 Be7 7. c3 O-O 8. O-O d6 9. h3 Na5 10. Bc2 c5 11. d4 Nd7 12. d5 Nc4 13. a4 Bb7 14. Rd1 Ncb6 15. b3 h6 16. a5 Nc8 17. Nbd2 Bg5 18. Nxg5 Qxg5 19. Nf1 Qd8 20. Ng3 Ne7 21. c4 b4 22. Rd3 Bc8 23. Bd2 Kh7 24. Kh2 Nf6 25. Nh5 Nxh5 26. Qxh5 f5 27. Re3 f4 28. Ree1 Ng6 29. Bd1 Qh4 30. Qxh4 Nxh4 31. Bc1 Ra7 32. Ra2 Raf7 33. Rd2 Rf6 34. Rd3 Bd7 35. Rg1 Ng6 36. Bh5 Nh8 37. Bd2 g6 38. Bg4 Bxg4 39. hxg4 Nf7 40. Ra1 Kg7 41. f3 g5 42. Be1 Rh8 43. Rdd1 h5 44. gxh5 Rxh5+ 45. Kg1 Rfh6 46. Kf2 Rh2 47. Rd2 g4 48. fxg4 Ng5 0-1

[Event "Montreal Class-A"]
[Site "Montreal CAN"]
[Date "2004.11.12"]
[Round "1"]
[White "Gravel, Simon M"]
[Black "Falardeau, Bruno"]
[Result "1-0"]
[WhiteElo "2276"]
[BlackElo "2031"]
[PlyCount "41"]
[GameId "2160767911052550"]
[EventDate "2004.11.12"]
[EventType "swiss"]
[EventRounds "5"]
[EventCountry "CAN"]
[SourceTitle "EXT 2006"]
[Source "ChessBase"]
[SourceDate "2005.11.24"]
[SourceVersion "1"]
[SourceVersionDate "2005.11.24"]
[SourceQuality "1"]

1. c4 e5 2. Nc3 Nc6 3. Nf3 f5 4. d4 e4 5. Ng5 Nf6 6. g3 Be7 7. Bg2 d5 8. cxd5 Nxd5 9. Qb3 Bxg5 10. Bxg5 Nce7 11. f3 Be6 12. fxe4 Nf4 13. d5 Nxg2+ 14. Kf2 Bf7 15. Qb5+ c6 16. Qxb7 Rb8 17. Qxa7 fxe4 18. Bxe7 e3+ 19. Kxg2 Bxd5+ 20. Kg1 Qc8 21. Bd6 1-0